[Event "XVI. DBMM Schach"]
[Site "Dresden"]
[Date "2016.11.03"]
[Round "1.1"]
[White "Zerenner, Pascal"]
[Black "Maiwald, Jens Uwe"]
[Result "0-1"]
[WhiteElo "1889"]
[BlackElo "2448"]
[Annotator "br"]
[PlyCount "86"]
[EventDate "2016.11.??"]
[SourceTitle "XVI. DBMM 2016"]
[Source "FV Schach e.V."]
[SourceDate "2017.06.14"]
[SourceVersion "1"]
[SourceVersionDate "2017.06.14"]
[SourceQuality "1"]
[WhiteTeam "Europark Altenberg"]
[BlackTeam "UKA GmbH Meissen"]
[WhiteTeamCountry "GER"]
[BlackTeamCountry "GER"]

1. d4 d6 2. Nf3 g6 3. c4 Bg7 4. Nc3 Bg4 5. e3 Nf6 6. h3 Bxf3 7. Qxf3 Nc6 8. Bd2
O-O 9. g4 a6 10. h4 Re8 11. h5 e5 12. hxg6 hxg6 13. d5 e4 14. Qg2 Nb4 15. Rb1
Qe7 16. Kd1 c6 17. g5 Nh7 18. a3 Nd3 19. Bxd3 exd3 20. f4 Rac8 21. Rh3 Nf8 22.
Ke1 Nd7 23. Kf2 Nc5 24. Rbh1 Qd7 25. Qh2 Kf8 26. Rh8+ Ke7 27. Rh7 Rh8 28. Qg2
Rxh7 29. Rxh7 Bxc3 30. Bxc3 Qf5 31. Bf6+ Ke8 32. Ke1 Ne4 33. Rh8+ Kd7 34. Rh7
Ke8 35. Rh8+ Kd7 36. Rh7 Rf8 37. dxc6+ bxc6 38. Bd4 c5 39. Bc3 Ke6 40. Ba5 Rb8
41. b4 cxb4 42. axb4 Rc8 43. c5 d2+ 0-1

[Event "XVI. DBMM Schach"]
[Site "Dresden"]
[Date "2016.11.03"]
[Round "1.2"]
[White "Urban, Konstantin"]
[Black "Schmidt, Gerhard"]
[Result "1/2-1/2"]
[WhiteElo "2361"]
[BlackElo "2116"]
[Annotator "br"]
[PlyCount "46"]
[EventDate "2016.11.??"]
[SourceTitle "XVI. DBMM 2016"]
[Source "FV Schach e.V."]
[SourceDate "2017.06.14"]
[SourceVersion "1"]
[SourceVersionDate "2017.06.14"]
[SourceQuality "1"]
[WhiteTeam "UKA GmbH Meissen"]
[BlackTeam "Europark Altenberg"]
[WhiteTeamCountry "GER"]
[BlackTeamCountry "GER"]

1. e4 c5 2. Nf3 d6 3. d4 cxd4 4. Nxd4 Nf6 5. Nc3 g6 6. Be3 Bg7 7. f3 O-O 8. Qd2
Nc6 9. Bc4 Bd7 10. Bb3 a5 11. a4 Qc8 12. g4 Nxd4 13. Bxd4 Be6 14. Bxe6 fxe6 15.
O-O-O Qc6 16. h4 e5 17. Be3 Nd7 18. Rh3 Nc5 19. b3 Rac8 20. Kb2 Ne6 21. Nd5 Rf7
22. h5 Nf4 23. hxg6 hxg6 1/2-1/2

[Event "XVI. DBMM Schach"]
[Site "Dresden"]
[Date "2016.11.03"]
[Round "1.3"]
[White "Bussler, Juergen"]
[Black "Loxine, Jakov"]
[Result "0-1"]
[WhiteElo "1940"]
[BlackElo "2409"]
[Annotator "br"]
[PlyCount "88"]
[EventDate "2016.11.??"]
[SourceTitle "XVI. DBMM 2016"]
[Source "FV Schach e.V."]
[SourceDate "2017.06.14"]
[SourceVersion "1"]
[SourceVersionDate "2017.06.14"]
[SourceQuality "1"]
[WhiteTeam "Europark Altenberg"]
[BlackTeam "UKA GmbH Meissen"]
[WhiteTeamCountry "GER"]
[BlackTeamCountry "GER"]

1. e4 c5 2. Nf3 Nc6 3. d4 cxd4 4. Nxd4 e5 5. Nxc6 bxc6 6. c4 Nf6 7. Bd3 Bc5 8.
Bd2 d6 9. O-O O-O 10. Nc3 h6 11. h3 Be6 12. Qc2 Nh5 13. Ne2 a5 14. Kh2 g5 15.
g3 Qd7 16. Ng1 f6 17. a3 Ng7 18. b4 axb4 19. axb4 Rxa1 20. Rxa1 Bxf2 21. Be1
Bxe1 22. Rxe1 Qa7 23. Qb2 Rb8 24. Ra1 Rxb4 25. Qxb4 Qxa1 26. Qb8+ Kf7 27. Qc7+
Kg6 28. Qxd6 Qa7 29. Kg2 Qd7 30. Qxd7 Bxd7 31. Ne2 Ne6 32. Nc3 Nc5 33. Be2 Kf7
34. g4 Ke7 35. Kf3 Kd6 36. Ke3 Ne6 37. Na4 Nf4 38. Bf1 h5 39. Kf3 h4 40. c5+
Kc7 41. Nb6 Be6 42. Ke3 Ba2 43. Kf3 Ne6 44. Na4 Bb3 0-1

[Event "XVI. DBMM Schach"]
[Site "Dresden"]
[Date "2016.11.03"]
[Round "1.4"]
[White "Foerschner, Lucas"]
[Black "Heinig, Juergen"]
[Result "0-1"]
[WhiteElo "1982"]
[BlackElo "1935"]
[Annotator "br"]
[PlyCount "126"]
[EventDate "2016.11.??"]
[SourceTitle "XVI. DBMM 2016"]
[Source "FV Schach e.V."]
[SourceDate "2017.06.14"]
[SourceVersion "1"]
[SourceVersionDate "2017.06.14"]
[SourceQuality "1"]
[WhiteTeam "UKA GmbH Meissen"]
[BlackTeam "Europark Altenberg"]
[WhiteTeamCountry "GER"]
[BlackTeamCountry "GER"]

1. e4 e6 2. d4 d5 3. Nc3 Bb4 4. e5 c5 5. a3 Bxc3+ 6. bxc3 Ne7 7. Qg4 Qa5 8. Bd2
Qa4 9. Qxg7 Rg8 10. Qxh7 cxd4 11. cxd4 Qxd4 12. Rb1 Qxe5+ 13. Ne2 Nbc6 14. f4
Qf5 15. Qxf5 Nxf5 16. c3 b6 17. Rg1 Bb7 18. g4 Nh4 19. Kf2 O-O-O 20. Nd4 Kb8
21. Bd3 Na5 22. Rb4 Rc8 23. Kg3 Rh8 24. Re1 Nc4 25. Bc1 Nd6 26. Rb3 Ne4+ 27.
Bxe4 dxe4 28. Be3 Bd5 29. Rb2 Rxc3 30. Nb5 Rc6 31. Bd4 Rh7 32. Be5+ Ka8 33. Rd1
Ng6 34. Nc7+ Kb7 35. Nxd5 Nxe5 36. Nf6 Rc3+ 37. Kg2 Nc4 38. Re2 Rg7 39. Rde1 e3
40. h4 Rd3 41. h5 Rd8 42. a4 a6 43. g5 b5 44. axb5 axb5 45. Kf3 e5 46. h6 Rg6
47. h7 Rh8 48. Rh2 exf4 49. Kxf4 Kc6 50. Rh6 b4 51. Rxg6 fxg6 52. Rc1 Kb5 53.
Ke4 b3 54. Kd3 b2 55. Rb1 Kb4 56. Rh1 Kb3 57. Ne4 Rd8+ 58. Ke2 Kc2 59. h8=Q
Rxh8 60. Rxh8 b1=Q 61. Kf3 Qf1+ 62. Kg3 e2 63. Rh2 Kc1 0-1

[Event "XVI. DBMM Schach"]
[Site "Dresden"]
[Date "2016.11.03"]
[Round "1.1"]
[White "Schramm, Christian"]
[Black "Scheffner, Axel"]
[Result "1/2-1/2"]
[WhiteElo "2390"]
[BlackElo "2249"]
[Annotator "br"]
[PlyCount "60"]
[EventDate "2016.11.??"]
[SourceTitle "XVI. DBMM 2016"]
[Source "FV Schach e.V."]
[SourceDate "2017.06.14"]
[SourceVersion "1"]
[SourceVersionDate "2017.06.14"]
[SourceQuality "1"]
[WhiteTeam "AGI Frankfurt"]
[BlackTeam "Vodafone Duesseldorf"]
[WhiteTeamCountry "GER"]
[BlackTeamCountry "GER"]

1. e4 c6 2. d4 d5 3. e5 c5 4. Nf3 cxd4 5. Nxd4 Nc6 6. Nc3 Nxd4 7. Qxd4 e6 8.
Bd3 Ne7 9. Qg4 Ng6 10. Qg3 a6 11. Bg5 Qc7 12. Bxg6 hxg6 13. O-O-O Bd7 14. Nxd5
Qa5 15. b4 Bxb4 16. Nxb4 Qxb4 17. Qd3 Qb5 18. Qd6 f6 19. a4 Qc6 20. exf6 Qxd6
21. Rxd6 gxf6 22. Bxf6 Rf8 23. Rhd1 Bxa4 24. Rxe6+ Kf7 25. Rdd6 Rfe8 26. Re3
Rac8 27. c3 Rxe3 28. fxe3 Rc6 29. Be5 Rxd6 30. Bxd6 Ke6 1/2-1/2

[Event "XVI. DBMM Schach"]
[Site "Dresden"]
[Date "2016.11.03"]
[Round "1.2"]
[White "Gohla, Ulf"]
[Black "Rietze, Clemens"]
[Result "0-1"]
[WhiteElo "2151"]
[BlackElo "2359"]
[Annotator "br"]
[PlyCount "76"]
[EventDate "2016.11.??"]
[SourceTitle "XVI. DBMM 2016"]
[Source "FV Schach e.V."]
[SourceDate "2017.06.14"]
[SourceVersion "1"]
[SourceVersionDate "2017.06.14"]
[SourceQuality "1"]
[WhiteTeam "Vodafone Duesseldorf"]
[BlackTeam "AGI Frankfurt"]
[WhiteTeamCountry "GER"]
[BlackTeamCountry "GER"]

1. d4 Nf6 2. c4 g6 3. Nc3 d5 4. Qb3 dxc4 5. Qxc4 Bg7 6. e4 O-O 7. h3 a6 8. Nf3
b5 9. Qb3 c5 10. dxc5 Bb7 11. a4 Nbd7 12. Be3 Nxe4 13. Nxe4 Bxe4 14. axb5 axb5
15. Rc1 Bc6 16. Be2 Qa5+ 17. Bd2 Qa2 18. Qxa2 Rxa2 19. b4 Rb2 20. Bd3 Ra8 21.
Rb1 Rba2 22. Rd1 e5 23. Bb1 R2a3 24. O-O f5 25. Ne1 Nf6 26. Nc2 R3a7 27. f4 Ne4
28. Be1 Rd7 29. Rxd7 Bxd7 30. Ne3 Bc6 31. g4 exf4 32. Ng2 Bd4+ 33. Kh2 Be5 34.
Kg1 Ra1 35. Bc2 Bd4+ 36. Kh2 Be5 37. Kg1 f3 38. Ne3 Rxe1 0-1

[Event "XVI. DBMM Schach"]
[Site "Dresden"]
[Date "2016.11.03"]
[Round "1.3"]
[White "Guth, Thomas"]
[Black "Limbourg, Marina"]
[Result "1-0"]
[WhiteElo "2301"]
[BlackElo "2028"]
[Annotator "br"]
[PlyCount "109"]
[EventDate "2016.11.??"]
[SourceTitle "XVI. DBMM 2016"]
[Source "FV Schach e.V."]
[SourceDate "2017.06.14"]
[SourceVersion "1"]
[SourceVersionDate "2017.06.14"]
[SourceQuality "1"]
[WhiteTeam "AGI Frankfurt"]
[BlackTeam "Vodafone Duesseldorf"]
[WhiteTeamCountry "GER"]
[BlackTeamCountry "GER"]

1. e4 c5 2. Nf3 e6 3. d4 cxd4 4. Nxd4 Qb6 5. Nb3 Qc7 6. Be2 Nf6 7. Bf3 Nc6 8.
g3 Be7 9. O-O O-O 10. Nc3 a6 11. Re1 Ne5 12. Bg2 d6 13. a4 Bd7 14. Ne2 Rac8 15.
Nbd4 Ng6 16. b3 e5 17. Nf5 Qxc2 18. Nxe7+ Nxe7 19. Qxd6 Ng6 20. Bg5 Rc6 21. Qb4
Bg4 22. Rac1 Qd3 23. Rxc6 bxc6 24. Nc1 Qc2 25. h3 Be6 26. Qd2 Qxd2 27. Bxd2 Rd8
28. Bc3 c5 29. Bf1 c4 30. bxc4 Rc8 31. Bb2 Bxc4 32. Nd3 Bb3 33. Nxe5 Bxa4 34.
Nxg6 hxg6 35. Bxa6 Rc2 36. Bxf6 gxf6 37. Bb7 Rc7 38. Bd5 Re7 39. Rc1 f5 40. Rc4
Bb5 41. Rc5 Bd3 42. e5 Kg7 43. f4 f6 44. e6 Be4 45. Bc4 Rb7 46. Rc8 Re7 47. Kf2
g5 48. Ke3 Bb7 49. Rd8 Bc6 50. Kd4 Re8 51. Rxe8 Bxe8 52. Kc5 Kh6 53. Be2 Kg6
54. Kd6 Ba4 55. Kc7 1-0

[Event "XVI. DBMM Schach"]
[Site "Dresden"]
[Date "2016.11.03"]
[Round "1.4"]
[White "Kludszuweit, Kim Ira"]
[Black "Buescher, Henrik"]
[Result "0-1"]
[WhiteElo "1637"]
[BlackElo "2112"]
[Annotator "br"]
[PlyCount "96"]
[EventDate "2016.11.??"]
[SourceTitle "XVI. DBMM 2016"]
[Source "FV Schach e.V."]
[SourceDate "2017.06.14"]
[SourceVersion "1"]
[SourceVersionDate "2017.06.14"]
[SourceQuality "1"]
[WhiteTeam "Vodafone Duesseldorf"]
[BlackTeam "AGI Frankfurt"]
[WhiteTeamCountry "GER"]
[BlackTeamCountry "GER"]

1. c4 f5 2. d4 Nf6 3. Nc3 e6 4. Nf3 d5 5. Bf4 c6 6. e3 Be7 7. Be2 O-O 8. O-O
Ne4 9. Nxe4 fxe4 10. Nd2 Nd7 11. a3 Bf6 12. Bd6 Re8 13. c5 e5 14. Nb3 b6 15.
Bh5 g6 16. Be2 bxc5 17. dxc5 Bg7 18. Nd2 Nf6 19. f4 exf3 20. Nxf3 Ne4 21. Nd2
Nxd6 22. cxd6 e4 23. Rc1 Qxd6 24. b4 Bh6 25. Qb3 Bd7 26. Rf2 Qe5 27. Kh1 Rf8
28. Rcf1 Rxf2 29. Rxf2 Rf8 30. Rxf8+ Kxf8 31. b5 cxb5 32. Bxb5 Bxb5 33. Qxb5
Bxe3 34. Nf1 Bb6 35. Qd7 Qf6 36. Qc8+ Kg7 37. Qd7+ Qf7 38. Qb5 Qf2 39. Qd7+ Kh6
40. Qh3+ Kg5 41. Qg3+ Qxg3 42. Nxg3 Bf2 43. Ne2 d4 44. g3 d3 45. Nc3 Kf5 46.
Kg2 Bc5 47. a4 e3 48. Kf1 Bb4 0-1

[Event "XVI. DBMM Schach"]
[Site "Dresden"]
[Date "2016.11.03"]
[Round "1.1"]
[White "Meyer, Jens Uwe"]
[Black "Kleeschaetzky, Rainer"]
[Result "0-1"]
[WhiteElo "2063"]
[BlackElo "2321"]
[Annotator "br"]
[PlyCount "86"]
[EventDate "2016.11.??"]
[SourceTitle "XVI. DBMM 2016"]
[Source "FV Schach e.V."]
[SourceDate "2017.06.14"]
[SourceVersion "1"]
[SourceVersionDate "2017.06.14"]
[SourceQuality "1"]
[WhiteTeam "SG Stern Ludwigsfelde"]
[BlackTeam "Deutsche Bahn/BSW Berlin"]
[WhiteTeamCountry "GER"]
[BlackTeamCountry "GER"]

1. d4 d5 2. Bf4 c6 3. e3 Nf6 4. c4 Bg4 5. f3 Bf5 6. Nc3 e6 7. Qb3 Qd7 8. g4 Bg6
9. h4 h6 10. h5 Bh7 11. Nh3 Be7 12. Nf2 dxc4 13. Bxc4 Nd5 14. Nxd5 cxd5 15. Be2
Nc6 16. Nd3 O-O 17. Kf2 Rac8 18. Rag1 f6 19. Rc1 Na5 20. Qd1 b6 21. Bg3 Rxc1
22. Qxc1 Rc8 23. Qd1 Nc4 24. Qb3 Kh8 25. Nf4 Bd6 26. Rc1 Bxf4 27. Bxf4 e5 28.
dxe5 fxe5 29. Bg3 b5 30. Qc3 d4 31. exd4 exd4 32. Qb4 d3 33. Bd1 Qd4+ 34. Kg2
d2 35. Rxc4 bxc4 36. Qb7 Re8 37. Bf2 Qd3 38. Qxa7 Re1 39. Bd4 Re7 40. Qb8+ Bg8
41. Qd6 Rf7 42. Qxh6+ Bh7 43. Bc3 Qxc3 0-1

[Event "XVI. DBMM Schach"]
[Site "Dresden"]
[Date "2016.11.03"]
[Round "1.2"]
[White "Schuettig, Ruediger"]
[Black "Astfalk, Lutz"]
[Result "1-0"]
[WhiteElo "2234"]
[BlackElo "1945"]
[Annotator "br"]
[PlyCount "113"]
[EventDate "2016.11.??"]
[SourceTitle "XVI. DBMM 2016"]
[Source "FV Schach e.V."]
[SourceDate "2017.06.14"]
[SourceVersion "1"]
[SourceVersionDate "2017.06.14"]
[SourceQuality "1"]
[WhiteTeam "Deutsche Bahn/BSW Berlin"]
[BlackTeam "SG Stern Ludwigsfelde"]
[WhiteTeamCountry "GER"]
[BlackTeamCountry "GER"]

1. d4 Nf6 2. Bf4 d6 3. e3 Nbd7 4. Nf3 h6 5. h3 e6 6. c4 c5 7. dxc5 e5 8. Bh2
Nxc5 9. Nc3 Qa5 10. Nd2 Bf5 11. Nb3 Qb4 12. Nxc5 Qxc5 13. Qb3 Rb8 14. Be2 Be7
15. O-O O-O 16. Rfd1 a6 17. Rac1 Qc7 18. c5 dxc5 19. f4 Be6 20. Qc2 Rbd8 21.
fxe5 Nd5 22. Nxd5 Bxd5 23. e6 Qc6 24. exf7+ Bxf7 25. Bf4 Qe6 26. b3 b5 27. Bg4
Qb6 28. Bf5 Rxd1+ 29. Rxd1 Rd8 30. Rf1 c4 31. Bh7+ Kh8 32. Qe4 Bf6 33. Bg6 Bxg6
34. Qxg6 Bd4 35. Qe4 Bc5 36. bxc4 bxc4 37. Rb1 Qf6 38. Qxc4 Bb6 39. Qe4 Rf8 40.
Kh1 Bc5 41. Qd5 Qf5 42. Qxf5 Rxf5 43. Rb8+ Kh7 44. g4 Rf7 45. Rc8 Ba7 46. h4
Re7 47. Rc3 a5 48. Kg2 Rd7 49. Kf3 Rd2 50. Ra3 Bb6 51. h5 g5 52. hxg6+ Kxg6 53.
Rb3 Bc5 54. Rc3 Bb4 55. Rc6+ Kf7 56. Bxh6 Rxa2 57. g5 1-0

[Event "XVI. DBMM Schach"]
[Site "Dresden"]
[Date "2016.11.03"]
[Round "1.3"]
[White "Tangermann, Erhard"]
[Black "Kuhne, Detlev"]
[Result "0-1"]
[WhiteElo "1654"]
[BlackElo "2131"]
[Annotator "br"]
[PlyCount "82"]
[EventDate "2016.11.??"]
[SourceTitle "XVI. DBMM 2016"]
[Source "FV Schach e.V."]
[SourceDate "2017.06.14"]
[SourceVersion "1"]
[SourceVersionDate "2017.06.14"]
[SourceQuality "1"]
[WhiteTeam "SG Stern Ludwigsfelde"]
[BlackTeam "Deutsche Bahn/BSW Berlin"]
[WhiteTeamCountry "GER"]
[BlackTeamCountry "GER"]

1. Nf3 Nf6 2. g3 d5 3. d4 c6 4. Bg2 Bf5 5. O-O h6 6. c4 e6 7. Nc3 Be7 8. Re1
O-O 9. Ne5 Nbd7 10. cxd5 exd5 11. Nd3 Nb6 12. Rb1 Re8 13. b4 a6 14. Rb3 Nc4 15.
a4 Bf8 16. a5 Ne4 17. Nxe4 Bxe4 18. f3 Bh7 19. Nc5 Bxc5 20. dxc5 Qf6 21. e3 Qa1
22. Bf1 Rad8 23. Bd3 Bxd3 24. Rxd3 Qf6 25. Rd4 Ne5 26. Kg2 Qg6 27. Re2 Rd7 28.
Qc2 Qxc2 29. Rxc2 Rde7 30. Kf2 f5 31. Re2 Kh7 32. h3 g5 33. f4 gxf4 34. gxf4
Nd7 35. Kf3 Rg7 36. Rg2 Rxg2 37. Kxg2 Rg8+ 38. Kf2 Nf6 39. Rd2 Ne4+ 40. Kf1
Nxd2+ 41. Bxd2 Rg3 0-1

[Event "XVI. DBMM Schach"]
[Site "Dresden"]
[Date "2016.11.03"]
[Round "1.4"]
[White "Kleeschaetzky, Ralf"]
[Black "Grandt, Bernd"]
[Result "1/2-1/2"]
[WhiteElo "2209"]
[BlackElo "2033"]
[Annotator "br"]
[PlyCount "75"]
[EventDate "2016.11.??"]
[SourceTitle "XVI. DBMM 2016"]
[Source "FV Schach e.V."]
[SourceDate "2017.06.14"]
[SourceVersion "1"]
[SourceVersionDate "2017.06.14"]
[SourceQuality "1"]
[WhiteTeam "Deutsche Bahn/BSW Berlin"]
[BlackTeam "SG Stern Ludwigsfelde"]
[WhiteTeamCountry "GER"]
[BlackTeamCountry "GER"]

1. Nf3 Nf6 2. c4 g6 3. Nc3 Bg7 4. e4 d6 5. d4 O-O 6. Be2 e5 7. O-O Nbd7 8. Qc2
c6 9. Rd1 Qc7 10. b3 Re8 11. a4 a5 12. Ba3 Bf8 13. c5 exd4 14. cxd6 Bxd6 15.
Bxd6 Qxd6 16. Rxd4 Qe7 17. Re1 Ne5 18. Qd2 Nxf3+ 19. Bxf3 Qe5 20. Rd1 Be6 21.
b4 axb4 22. Rxb4 Rad8 23. Rd4 Rxd4 24. Qxd4 Qxd4 25. Rxd4 Re7 26. Bd1 Rd7 27.
Rxd7 Nxd7 28. f4 Nc5 29. Kf2 Bb3 30. Bxb3 Nxb3 31. Ke3 Kf8 32. Kd3 b6 33. g4
Ke7 34. g5 Kd6 35. e5+ Kc5 36. Ne4+ Kd5 37. Nf6+ Ke6 38. Ne4 1/2-1/2

[Event "XVI. DBMM Schach"]
[Site "Dresden"]
[Date "2016.11.03"]
[Round "1.1"]
[White "Stanetzek, Carsten"]
[Black "Walther, Hans Wolfgang"]
[Result "0-1"]
[WhiteElo "2233"]
[BlackElo "2033"]
[Annotator "br"]
[PlyCount "59"]
[EventDate "2016.11.??"]
[SourceTitle "XVI. DBMM 2016"]
[Source "FV Schach e.V."]
[SourceDate "2017.06.14"]
[SourceVersion "1"]
[SourceVersionDate "2017.06.14"]
[SourceQuality "1"]
[WhiteTeam "Deutsche Post Bonn"]
[BlackTeam "Deutsche Bahn/BSW Berlin II"]
[WhiteTeamCountry "GER"]
[BlackTeamCountry "GER"]

1. e4 e5 2. Nf3 Nc6 3. Bc4 Bc5 4. O-O d6 5. c3 Qe7 6. d4 Bb6 7. h3 Nf6 8. d5
Nb8 9. Bd3 O-O 10. Nbd2 c6 11. c4 Nh5 12. Re1 Nf4 13. Bf1 f5 14. exf5 Bxf5 15.
Ne4 cxd5 16. Neg5 Bg6 17. Bxf4 Rxf4 18. Qxd5+ Kh8 19. Rad1 Rf6 20. b4 Nc6 21.
a3 Raf8 22. c5 dxc5 23. Nxe5 Nxe5 24. Rxe5 Qd8 25. bxc5 Bc7 26. Qxd8 Rxd8 27.
Rxd8+ Bxd8 28. Ne6 Be7 29. f3 Rf5 30. Re1 {Zeit.} 0-1

[Event "XVI. DBMM Schach"]
[Site "Dresden"]
[Date "2016.11.03"]
[Round "1.2"]
[White "Stahr, Ralf Peter"]
[Black "Gikas, Andreas Basilius"]
[Result "0-1"]
[WhiteElo "2018"]
[BlackElo "2176"]
[Annotator "br"]
[PlyCount "62"]
[EventDate "2016.11.??"]
[SourceTitle "XVI. DBMM 2016"]
[Source "FV Schach e.V."]
[SourceDate "2017.06.14"]
[SourceVersion "1"]
[SourceVersionDate "2017.06.14"]
[SourceQuality "1"]
[WhiteTeam "Deutsche Bahn/BSW Berlin II"]
[BlackTeam "Deutsche Post Bonn"]
[WhiteTeamCountry "GER"]
[BlackTeamCountry "GER"]

1. c4 e5 2. Nc3 Nf6 3. Nf3 Nc6 4. e3 g6 5. d4 d6 6. d5 Ne7 7. Be2 Bg7 8. e4 O-O
9. h3 Nd7 10. g4 f5 11. gxf5 gxf5 12. exf5 Nf6 13. Bg5 Bxf5 14. Qd2 Qd7 15.
O-O-O Ne4 16. Nxe4 Bxe4 17. Qe3 Bg6 18. Bxe7 Qxe7 19. Ng5 Qf6 20. Rhf1 Bh6 21.
h4 Qf4 22. Rh1 Qxf2 23. Kd2 Qf5 24. Bd3 Bxg5 25. hxg5 Qxd3+ 26. Qxd3 Bxd3 27.
Kxd3 Rf3+ 28. Ke4 Raf8 29. Rh4 R3f4+ 30. Rxf4 Rxf4+ 31. Kd3 Rd4+ 0-1

[Event "XVI. DBMM Schach"]
[Site "Dresden"]
[Date "2016.11.03"]
[Round "1.3"]
[White "Dehmel, Jens"]
[Black "Klotzsche, Thomas"]
[Result "0-1"]
[WhiteElo "2075"]
[BlackElo "1916"]
[Annotator "br"]
[PlyCount "80"]
[EventDate "2016.11.??"]
[SourceTitle "XVI. DBMM 2016"]
[Source "FV Schach e.V."]
[SourceDate "2017.06.14"]
[SourceVersion "1"]
[SourceVersionDate "2017.06.14"]
[SourceQuality "1"]
[WhiteTeam "Deutsche Post Bonn"]
[BlackTeam "Deutsche Bahn/BSW Berlin II"]
[WhiteTeamCountry "GER"]
[BlackTeamCountry "GER"]

1. d4 Nf6 2. c4 d6 3. Nf3 g6 4. Nc3 Bg7 5. e4 O-O 6. Be2 c6 7. O-O Bg4 8. Be3
Nbd7 9. Nd2 Bxe2 10. Qxe2 a6 11. f4 c5 12. d5 Ne8 13. Nf3 Rb8 14. Rae1 Nc7 15.
Bc1 b5 16. e5 bxc4 17. Qxc4 Nb5 18. e6 fxe6 19. Ng5 Nb6 20. Qd3 c4 21. Qd2 Nxc3
22. Nxe6 Qc8 23. bxc3 Rf7 24. Ng5 Qc5+ 25. Kh1 Qxd5 26. Nxf7 Kxf7 27. f5 Qxd2
28. Bxd2 Nd5 29. fxg6+ Kxg6 30. Re4 Bf6 31. Rxc4 Rb2 32. Be1 Rxa2 33. Kg1 Ne3
34. Rc6 Nxf1 35. Kxf1 Kf5 36. Rc4 d5 37. g4+ Ke6 38. Rf4 Be5 39. Rb4 Ra1 40.
Ke2 Rxe1+ 0-1

[Event "XVI. DBMM Schach"]
[Site "Dresden"]
[Date "2016.11.03"]
[Round "1.4"]
[White "Fitzke, Ulrich"]
[Black "Lunnebach, Oliver"]
[Result "0-1"]
[WhiteElo "1898"]
[BlackElo "2109"]
[Annotator "br"]
[PlyCount "94"]
[EventDate "2016.11.??"]
[SourceTitle "XVI. DBMM 2016"]
[Source "FV Schach e.V."]
[SourceDate "2017.06.14"]
[SourceVersion "1"]
[SourceVersionDate "2017.06.14"]
[SourceQuality "1"]
[WhiteTeam "Deutsche Bahn/BSW Berlin II"]
[BlackTeam "Deutsche Post Bonn"]
[WhiteTeamCountry "GER"]
[BlackTeamCountry "GER"]

1. d4 Nf6 2. c4 c6 3. Nc3 d5 4. e3 e6 5. Nf3 Bd6 6. Bd3 Nbd7 7. O-O O-O 8. b3
Qe7 9. Bb2 Re8 10. Rc1 dxc4 11. Bxc4 e5 12. dxe5 Nxe5 13. Be2 Ng6 14. Qc2 Bg4
15. Rfd1 Rad8 16. h3 Bxf3 17. Bxf3 Nh4 18. Qe2 Qe5 19. g3 Qg5 20. Bg2 Nxg2 21.
Kxg2 h5 22. h4 Qa5 23. Rd4 Be5 24. Ra4 Qb6 25. Nd1 Ng4 26. Ba3 a6 27. Nb2 Qc7
28. Rac4 Qa5 29. Ra4 Qd2 30. Rc2 Qd5+ 31. Qf3 Qe6 32. Rac4 g6 33. Re2 Bc7 34.
Rcc2 Rd5 35. Rc5 Red8 36. Rxd5 Rxd5 37. e4 Rd8 38. Nd3 Bb6 39. Nc5 Bxc5 40.
Bxc5 Rd1 41. Qc3 Qd7 42. Ba3 f6 43. Bb2 Rd3 44. Qc4+ Kg7 45. f3 Ne3+ 46. Rxe3
Rxe3 47. Kf2 Qd2+ 0-1

[Event "XVI. DBMM Schach"]
[Site "Dresden"]
[Date "2016.11.03"]
[Round "1.1"]
[White "Mayer, Herbert"]
[Black "Hoffmann, Hendrik"]
[Result "0-1"]
[WhiteElo "1895"]
[BlackElo "2266"]
[Annotator "br"]
[PlyCount "41"]
[EventDate "2016.11.??"]
[SourceTitle "XVI. DBMM 2016"]
[Source "FV Schach e.V."]
[SourceDate "2017.06.14"]
[SourceVersion "1"]
[SourceVersionDate "2017.06.14"]
[SourceQuality "1"]
[WhiteTeam "SV Osram Berlin II"]
[BlackTeam "le-tex Publishing Services Leipzig"]
[WhiteTeamCountry "GER"]
[BlackTeamCountry "GER"]

1. f4 d5 2. e3 d4 3. Nf3 dxe3 4. d4 Nf6 5. Bxe3 e6 6. Bd3 Be7 7. O-O O-O 8. c3
b6 9. Ne5 Bb7 10. a4 Nbd7 11. Na3 Ne4 12. Nxd7 Qxd7 13. Qc2 f5 14. Nc4 Rad8 15.
Ne5 Qc8 16. a5 c5 17. axb6 axb6 18. Qb3 cxd4 19. cxd4 Bd5 20. Qxb6 Bd6 21. Qc5
0-1

[Event "XVI. DBMM Schach"]
[Site "Dresden"]
[Date "2016.11.03"]
[Round "1.2"]
[White "Heinrich, Thomas"]
[Black "Mueller, Gerd"]
[Result "1-0"]
[WhiteElo "2224"]
[BlackElo "1837"]
[Annotator "br"]
[PlyCount "90"]
[EventDate "2016.11.??"]
[SourceTitle "XVI. DBMM 2016"]
[Source "FV Schach e.V."]
[SourceDate "2017.06.14"]
[SourceVersion "1"]
[SourceVersionDate "2017.06.14"]
[SourceQuality "1"]
[WhiteTeam "le-tex Publishing Services Leipzig"]
[BlackTeam "SV Osram Berlin II"]
[WhiteTeamCountry "GER"]
[BlackTeamCountry "GER"]

1. d4 Nf6 2. Nf3 g6 3. Bf4 d6 4. h3 Bg7 5. e3 c5 6. c3 Qb6 7. Qb3 Be6 8. Qxb6
axb6 9. a3 Nc6 10. Nbd2 O-O 11. Be2 Nd7 12. Ng5 cxd4 13. exd4 Bd5 14. O-O h6
15. Ngf3 e5 16. dxe5 dxe5 17. Bh2 e4 18. Ne1 Rfe8 19. Nc2 f5 20. Ne3 Bf7 21.
Ndc4 Na5 22. Rad1 Be6 23. Rxd7 Bxd7 24. Nxb6 Be6 25. Nxa8 Rxa8 26. Rd1 Kf7 27.
g4 Bf6 28. gxf5 gxf5 29. Bh5+ Kg7 30. Rd6 Ra6 31. Rxa6 bxa6 32. Be2 Bc8 33. Nd5
Bg5 34. b4 Nc6 35. a4 Be6 36. Nc7 Bb3 37. a5 Bd2 38. Nxa6 Bxc3 39. Bd6 Nd4 40.
Be5+ Kg6 41. Bxd4 Bxd4 42. b5 Bc3 43. Nc5 Bd5 44. a6 Bd4 45. Nd7 Kf7 1-0

[Event "XVI. DBMM Schach"]
[Site "Dresden"]
[Date "2016.11.03"]
[Round "1.3"]
[White "Hildebrand, Gerald"]
[Black "Rohne, Lars"]
[Result "1/2-1/2"]
[WhiteElo "2180"]
[BlackElo "2152"]
[Annotator "br"]
[PlyCount "76"]
[EventDate "2016.11.??"]
[SourceTitle "XVI. DBMM 2016"]
[Source "FV Schach e.V."]
[SourceDate "2017.06.14"]
[SourceVersion "1"]
[SourceVersionDate "2017.06.14"]
[SourceQuality "1"]
[WhiteTeam "SV Osram Berlin II"]
[BlackTeam "le-tex Publishing Services Leipzig"]
[WhiteTeamCountry "GER"]
[BlackTeamCountry "GER"]

1. d4 g6 2. c4 Bg7 3. Nc3 d6 4. e4 e5 5. Be3 Nc6 6. Nge2 Nf6 7. f3 exd4 8. Nxd4
Ne5 9. Qd2 a6 10. Be2 c5 11. Nc2 Be6 12. b3 Qe7 13. Rd1 Rd8 14. O-O O-O 15. Bg5
Nc6 16. f4 h6 17. Bh4 Rfe8 18. f5 gxf5 19. exf5 Bc8 20. Rde1 Ne4 21. Bxe7 Nxd2
22. f6 Nxe7 23. fxe7 Rxe7 24. Nd5 Re5 25. Rf4 b5 26. Kf2 bxc4 27. Bxc4 Nxc4 28.
bxc4 Rxe1 29. Kxe1 Be6 30. Rf3 Rb8 31. Ra3 Bxd5 32. cxd5 Rb6 33. Ne3 a5 34. Nc4
Rb4 35. Nxd6 c4 36. Ne4 Rb5 37. d6 Re5 38. g4 c3 1/2-1/2